000 00453nam a2200181Ia 4500
001 22482
005 20260414150834.0
008 260414t2011||||xx |||||||||||||| ||spa||
041 _aESP
082 _a621.38154
_bB28
100 _aBautista Roldán, Juan
_eAUT
245 0 _aDispositivos electrónicos :
_bproblemas resueltos
260 _c2011
300 _a383 páginas :
_c24 cm.
650 _aTCA
654 _aCET
942 _cLIB
_dJUS
_fJUS
_2ddc
_n
999 _c22482
_d22482